000
00269nam a2200109Ia 4500
008
230907s9999||||xx |||||||||||||| ||und||
082
_a
697
_b
SUG
100
_a
Sugarman, Samuel C.,
_9
115792
245
0
_a
HVAC fundamentals /
300
_a
viii, 509 pages ;
942
_c
BK
999
_c
599562
_d
599562